Statystyki dla Państwa, które produkują najwięcej oleju palmowego

Kliknij tutaj aby rozwiązać quiz!

Ogólne statystyki

  • Ten quiz został rozwiązany 64 razy
  • Średni wynik to 3 z 5

Statystyki odpowiedzi

LudnośćPaństwo% Poprawnych
267 mlnIndonezja
91%
31 mlnMalezja
76%
69 mlnTajlandia
69%
195 mlnNigeria
44%
49 mlnKolumbia
38%

Rozkład punktacji

Percentyl według liczby udzielonych odpowiedzi

Procent ludzi z każdym wynikiem

Twoja historia wyników

Nie rozwiązałeś tego quizu